000 00608nam a22002177a 4500
003 UA-OsUOA
001 100517
007 ta
008 20130528b un ||||| |||| 00| 0 ukr d
100 _aАлексеєнко М.
090 _a330(477)
_bА47
942 _cSA
040 _aUA-OsUOA
_bukr
_cUA-OsUOA
_dUA-OsUOA
245 _aАктуальні питання депозитного формування ресурсної бази банків
300 _aС.34-44
955 _a0
041 _aukr
080 _a330(477)
773 0 _w100513
650 7 _a330 Економіка взагалі
_2UDC
999 _c387158
_d387158